000 00712nam a22001937a 4500
999 _c10238
_d10238
003 AR-CdUCM
008 190329b ||||| |||| 00| 0 spa d
040 _aMUNICIPALIDAD PROVINCIAL DEL CUSCO
_cBIBLIOTECA MUNICIPAL DEL CUSCO
082 _24 ed.
_a780 /
_bT19 / 1946
100 _aTanyá y Sala, Angel M
_926967
245 _aMúsica :
_bcurso fundamental para instrucción media /
260 _aTrujillo :
_bOyala,
_c1946.
300 _a160 páginas ;
_c21 cm.
505 _aContenido: Compás -- Compás compuesto -- Escala o gama -- Clasificación de los diversos intervalos -- Enarmonía
650 _aMúsica
_91443
650 _aPerú-Trujillo
_926968
942 _2ddc
_cLIBROS
945 _apjha
_d2019-05-14